[Event "SVK-ch U10"]
[Site "Liptovsky Mikulas"]
[Date "2019.04.23"]
[Round "1"]
[White "Ziman, Damian"]
[Black "Elias, Simon"]
[Result "0-1"]
[WhiteElo "1000"]
[BlackElo "1107"]
[PlyCount "118"]
[EventDate "2019.04.23"]
[EventType "swiss"]
[EventRounds "9"]
[EventCountry "SVK"]
[SourceTitle "CBM 190 Extra"]
[Source "ChessBase"]
[SourceDate "2019.07.15"]
[SourceVersion "1"]
[SourceVersionDate "2019.07.15"]
[SourceQuality "1"]

1. e4 e5 2. Nf3 Nc6 3. Bc4 Nf6 4. d3 d6 5. Bg5 Be7 6. 0-0 0-0 7. h3 Be6 8. Bxe6 fxe6 9. Nc3 Nd4 10. Re1 h6 11. Be3 c5 12. Rc1 Qa5 13. a3 b5 14. Ne2 Nxf3+ 15. gxf3 Qd8 16. b4 Nh5 17. Nc3 a6 18. Rb1 Bg5 19. bxc5 Bxe3 20. Rxe3 dxc5 21. Re1 Qg5+ 22. Kf1 Nf4 23. Re2 Qg2+ 24. Ke1 Qg1+ 25. Kd2 Qxd1+ 26. Kxd1 Nxe2 27. Kxe2 Rab8 28. a4 b4 29. Na2 Rf4 30. Ke3 Rh4 31. Rh1 b3 32. cxb3 Rxb3 33. Kd2 Rb2+ 34. Ke3 Rxa2 35. Rh2 Rxa4 36. Kd2 Rf4 37. Ke3 c4 38. dxc4 Rxc4 39. Kd3 Ra4 40. Ke3 Ra3+ 41. Ke2 Raxf3 42. Ke1 Rxe4+ 43. Kd1 Rd3+ 44. Kc2 Red4 45. h4 Rd2+ 46. Kc3 R4d3+ 47. Kc4 Rf3 48. Kb4 Rc2 49. h5 a5+ 50. Kb5 Rfxf2 51. Rxf2 Rxf2 52. Kxa5 Rb2 53. Ka4 e4 54. Ka3 Rb8 55. Ka4 e3 56. Ka5 e2 57. Ka6 e1Q 58. Ka7 Qb1 59. Ka6 Qb6# 0-1